000 00313nam a22001337a 4500
003 OSt
008 240127b |||||||| |||| 00| 0 eng d
022 _a9789354353017
100 _aDEEPAK,J Sai
245 _aIndia,Bharat and Pakistan
260 _aNew Delhi
_bBloomsbury
_c2022
300 _a616
942 _2ddc
_cBK
999 _c12197
_d12197